| 000 | 01482naa a22003617a 4500 | ||
|---|---|---|---|
| 001 | BR7902704 | ||
| 003 | BR-BrBNA | ||
| 005 | 20240918174349.0 | ||
| 007 | ta | ||
| 008 | 230509b bl.||||| |||| 00| 0 por d | ||
| 040 |
_aBR-BrBNA _bpor _cBiblioteca Nacional de Agricultura |
||
| 041 | _a(Pt) | ||
| 072 |
_aF30 _b0180 _bG514 |
||
| 090 | _aF30 BR7902704 | ||
| 100 | 1 | _aMatzenbacher, R.G. | |
| 100 | 1 | _aRosito, C. | |
| 100 | 1 | _aSvoboda, L.H. | |
| 100 | 1 | _aSartori, J.F. | |
| 100 | 1 | _aNeto, N. | |
| 100 | 1 | _aMor, M. | |
| 111 | 1 |
_a10. Reuniao Anual Conjunta de Pesquisa de Trigo _cPorto Alegre, RS (Brazil) _d3 Jul 1978 |
|
| 245 | 1 | _aMelhoramento de trigo no Centro de Experimentacao e Pesquisa da FECOTRIGO em 1977 [Federacao das Cooperativas Brasileiras de Trigo e Soja ltda.; Cruzamento vegetal; Triticum spp; Rio Grande do Sul] | |
| 260 | 3 |
_aPorto Alegre, RS (Brasil): _c1978. |
|
| 500 | _aContribuicao do Centro de Experimentacao e Pesquisa a 10. Reuniao Anual Conjunta de Pesquisa de Trigo Porto Alegre, RS (Brasil): 1978. p. 1-10 (BR7902704-AM)F30 | ||
| 650 | _aMelhoramento genetico vegetal | ||
| 650 | _aTrigo | ||
| 650 | _aCruzamento vegetal | ||
| 650 | _aVariedade resistente | ||
| 650 | _aRio Grande do Sul | ||
| 773 | 0 |
_tContribuicao do Centro de Experimentacao e Pesquisa a 10. Reuniao Anual Conjunta de Pesquisa de Trigo _b _wF30 BR7902704 _gPorto Alegre, RS (Brasil), 1978. p. 1-10 |
|
| 909 |
_a202404 _bLucia _c55 _dLucia Elande |
||
| 942 |
_cAM _2AGRIS |
||
| 999 |
_c310749 _d310749 |
||